| 000 | 00602nam a22001937a 4500 | ||
|---|---|---|---|
| 008 | 240619b mp ||||| |||| 00| 0 mon d | ||
| 035 | _a17162 | ||
| 040 |
_aHO1084140 _bmon _cMN-UlNLM _dMN-UlNLM _erda |
||
| 041 | _amon | ||
| 082 |
_210-t _a808.899.282 _bК 607 |
||
| 100 | _aКоллоди К. | ||
| 245 | 0 | _aПиноккиогийн адал явдал | |
| 264 |
_aУлаанбаатар _bГэгээрлийн яамны хэвлэл _c1965 |
||
| 300 | _a172х. | ||
| 336 |
_2rdacontent _atext _btxt |
||
| 337 |
_2rdamedia _aunmediated _bn |
||
| 338 |
_2rdacarrier _avolume _bnc |
||
| 942 |
_210-t _cBK |
||
| 999 |
_c995372 _d995429 |
||